Principles and pratice of pedodontics / (Record no. 139834)
[ view plain ]
| 000 -LEADER | |
|---|---|
| fixed length control field | 00446nam a2200157 4500 |
| 005 - DATE AND TIME OF LATEST TRANSACTION | |
| control field | 20260223100158.0 |
| 008 - FIXED-LENGTH DATA ELEMENTS--GENERAL INFORMATION | |
| fixed length control field | 260223b |||||||| |||| 00| 0 eng d |
| 020 ## - INTERNATIONAL STANDARD BOOK NUMBER | |
| International Standard Book Number | 9789350258910 (hbk) |
| 040 ## - CATALOGING SOURCE | |
| Transcribing agency | PK-LaUMT |
| 082 ## - DEWEY DECIMAL CLASSIFICATION NUMBER | |
| Classification number | 617.645 |
| Item number | PRI- |
| 245 ## - TITLE STATEMENT | |
| Title | Principles and pratice of pedodontics / |
| Statement of responsibility, etc | edited by Arathi Rao |
| 250 ## - EDITION STATEMENT | |
| Edition statement | 3rd ed. |
| 260 ## - PUBLICATION, DISTRIBUTION, ETC. (IMPRINT) | |
| Place of publication, distribution, etc | New Delhi : |
| Name of publisher, distributor, etc | Jaypee Brothers Medical Publishers, |
| Date of publication, distribution, etc | 2012 |
| 300 ## - PHYSICAL DESCRIPTION | |
| Extent | 508 p. |
| 942 ## - ADDED ENTRY ELEMENTS (KOHA) | |
| Koha item type | Books |
| Withdrawn status | Lost status | Damaged status | Home library | Current library | Date acquired | Full call number | Barcode | Date last seen | Price effective from | Koha item type | Copy number |
|---|---|---|---|---|---|---|---|---|---|---|---|
| UMT Health Sciences Campus | UMT Health Sciences Campus | 2026-02-23 | 617.645 PRI- | 152010 | 2026-02-23 | 2026-02-23 | Books | ||||
| UMT Health Sciences Campus | UMT Health Sciences Campus | 2026-02-23 | 617.645 PRI- | 152011 | 2026-02-23 | 2026-02-23 | Books | C.2 | |||
| UMT Health Sciences Campus | UMT Health Sciences Campus | 2026-02-23 | 617.645 PRI- | 152012 | 2026-02-23 | 2026-02-23 | Books | C.3 | |||
| UMT Health Sciences Campus | UMT Health Sciences Campus | 2026-02-23 | 617.645 PRI- | 152013 | 2026-02-23 | 2026-02-23 | Books | C.4 | |||
| UMT Health Sciences Campus | UMT Health Sciences Campus | 2026-02-23 | 617.645 PRI- | 152014 | 2026-02-23 | 2026-02-23 | Books | C.5 |
